[Event "Esbjerg Efterår 2019"]
[Site "Esbjerg"]
[Date "2019.10.18"]
[Round "1.1"]
[White "Carlstedt, Jonathan"]
[Black "Rozenfeldt, Michael Tranberg"]
[Result "1/2-1/2"]
[WhiteElo "2442"]
[BlackElo "1782"]
[PlyCount "122"]
[EventDate "2019.10.??"]
[EventType "swiss"]
[EventRounds "7"]
[EventCountry "DEN"]

1. c4 Nf6 2. g3 c5 3. Bg2 d5 4. cxd5 Nxd5 5. Nc3 Nc7 6. Nf3 Nc6 7. O-O e5 8.
Ne1 Be7 9. Nd3 f6 10. b3 Bd7 11. Bb2 O-O 12. f4 Bg4 13. h3 Qxd3 14. exd3 Bxd1
15. Bxc6 bxc6 16. Raxd1 exf4 17. Rxf4 Bd6 18. Rf3 Be5 19. Kf1 Rfd8 20. Rc1 Rab8
21. Ba3 Ne6 22. Ne2 Rb5 23. Rc4 Ra5 24. Ra4 Rxa4 25. bxa4 c4 26. Kg2 cxd3 27.
Nc1 Rd4 28. Bb2 Rxa4 29. Bxe5 fxe5 30. Rxd3 Rd4 31. Kf2 Nc5 32. Rxd4 exd4 33.
Ne2 Ne4+ 34. Ke1 c5 35. g4 Kf7 36. Nf4 Kf6 37. Ke2 Ke5 38. Nd3+ Kd6 39. Nf4 c4
40. h4 Ke5 41. Ng2 a5 42. a3 Kd5 43. Ne1 Kc5 44. Nf3 c3 45. dxc3 Nxc3+ 46. Kd3
Nb5 47. a4 Nc3 48. Nxd4 Nxa4 49. Ne6+ Kd5 50. Nxg7 Nc5+ 51. Kc2 Ke4 52. g5 Kf4
53. Ne8 Ne4 54. Nf6 Nd6 55. Nxh7 Kg4 56. g6 Nf5 57. Nf8 Kxh4 58. Kb3 Kg5 59.
Ka4 Kh6 60. Kxa5 Ne7 61. Kb5 Nxg6 1/2-1/2

[Event "Esbjerg Efterår 2019"]
[Site "Esbjerg"]
[Date "2019.10.18"]
[Round "1.2"]
[White "Ehrenreich, Simon"]
[Black "Kristiansen, Jens"]
[Result "0-1"]
[WhiteElo "1937"]
[BlackElo "2401"]
[PlyCount "56"]
[EventDate "2019.10.??"]
[EventType "swiss"]
[EventRounds "7"]
[EventCountry "DEN"]

1. d4 Nf6 2. c4 c5 3. d5 e5 4. Nc3 d6 5. e4 g6 6. Be3 Bg7 7. Be2 O-O 8. Qd2 Ng4
9. Bg5 f6 10. Bh4 a6 11. a3 Nh6 12. b4 Nd7 13. Na4 b6 14. bxc5 bxc5 15. g4 Nf7
16. Bg3 Bh6 17. Qc3 Nb6 18. Nxb6 Qxb6 19. h4 Rb8 20. h5 Qb2 21. Qxb2 Rxb2 22.
hxg6 hxg6 23. Bh4 Kg7 24. Nh3 Bd2+ 25. Kd1 Bd7 26. a4 Rh8 27. Bg3 Ng5 28. Rf1
Rxh3 0-1

[Event "Esbjerg Efterår 2019"]
[Site "Esbjerg"]
[Date "2019.10.18"]
[Round "1.3"]
[White "Pedersen, Nicolai Vesterbaek"]
[Black "Husum, Lars"]
[Result "1-0"]
[WhiteElo "2397"]
[BlackElo "1809"]
[PlyCount "59"]
[EventDate "2019.10.??"]
[EventType "swiss"]
[EventRounds "7"]
[EventCountry "DEN"]

1. c4 Nf6 2. Nc3 e6 3. e4 d5 4. e5 Ne4 5. cxd5 exd5 6. Nf3 Nc6 7. Bb5 Nxc3 8.
bxc3 a6 9. Ba4 b5 10. Bc2 d4 11. Be4 Bb7 12. Nxd4 Na5 13. Bxb7 Nxb7 14. Qf3 Nc5
15. Qc6+ Nd7 16. e6 fxe6 17. Nxe6 Qe7 18. Ba3 Qxa3 19. Qxa8+ Kf7 20. Ng5+ Kg6
21. O-O Kxg5 22. Qd5+ Kg6 23. Qxd7 Qd6 24. Qe8+ Kh6 25. Rae1 Qf4 26. Re3 g6 27.
Rfe1 Rg8 28. Rh3+ Kg7 29. Qd7+ Kf6 30. Rf3 1-0

[Event "Esbjerg Efterår 2019"]
[Site "Esbjerg"]
[Date "2019.10.18"]
[Round "1.4"]
[White "Rasmussen, Bjarne Meldgaard"]
[Black "Fries Nielsen, Jens Ove"]
[Result "0-1"]
[WhiteElo "1913"]
[BlackElo "2360"]
[PlyCount "86"]
[EventDate "2019.10.??"]
[EventType "swiss"]
[EventRounds "7"]
[EventCountry "DEN"]

1. e4 g6 2. d4 Bg7 3. Nf3 Nc6 4. c4 d6 5. Nc3 e6 6. Be2 Nf6 7. O-O h6 8. h3 O-O
9. Be3 Kh7 10. Qd2 Nd7 11. Rad1 e5 12. d5 Ne7 13. b4 f5 14. Qc2 Nf6 15. Bd3 f4
16. Bc1 g5 17. Nh2 h5 18. f3 Ng6 19. c5 a6 20. Bb2 Rg8 21. b5 dxc5 22. bxa6 b6
23. Qe2 Bf8 24. Bb5 g4 25. hxg4 hxg4 26. fxg4 Nh4 27. Rd3 Nxg4 28. Rh3 Nh6 29.
Rxh4 Qxh4 30. Nd1 c4 31. Bxe5 Bc5+ 32. Kh1 Rg4 33. Qe1 Qxe1 34. Rxe1 Rh4 35.
Rf1 Rxh2+ 36. Kxh2 Ng4+ 37. Kh1 Nxe5 38. Rxf4 Bg4 39. Nf2 Be2 40. Nh3 Kg7 41.
Kh2 Nd3 42. Rf5 c3 43. Rg5+ Kh6 0-1

[Event "Esbjerg Efterår 2019"]
[Site "Esbjerg"]
[Date "2019.10.18"]
[Round "1.5"]
[White "Boe, Mads"]
[Black "Heinemann, Guido"]
[Result "1-0"]
[WhiteElo "2286"]
[BlackElo "1858"]
[PlyCount "101"]
[EventDate "2019.10.??"]
[EventType "swiss"]
[EventRounds "7"]
[EventCountry "DEN"]

1. d4 e6 2. Nf3 b6 3. Bf4 Bb7 4. e3 d6 5. c4 Nd7 6. Nc3 h6 7. h3 g5 8. Bg3 Bg7
9. Bd3 f5 10. Qc2 Ngf6 11. O-O-O Qe7 12. Kb1 O-O 13. Ka1 Nh5 14. Bh2 f4 15. Be4
c6 16. Bg6 Nhf6 17. exf4 gxf4 18. Bxf4 Rad8 19. Bg3 d5 20. cxd5 Nxd5 21. Nxd5
cxd5 22. Qc7 Ba6 23. Bd6 Qf6 24. Bxf8 Rxf8 25. Bb1 Nc5 26. Rhe1 Bc4 27. Qe5 Qe7
28. Qe3 Ne4 29. Bxe4 dxe4 30. Ne5 Bxe5 31. dxe5 Bd5 32. Rd2 Rf5 33. Rc1 Kg7 34.
Qc3 Kg6 35. b3 Qf7 36. Qe3 Qg7 37. Kb2 Qxe5+ 38. Qc3 Qxc3+ 39. Rxc3 Rf7 40. Kc1
h5 41. Kd1 Rf5 42. Ke2 h4 43. Rd1 Rf7 44. Rdc1 Kf5 45. Rc7 Rf6 46. Rxa7 Rg6 47.
Kf1 e3 48. f3 Kf6 49. Re1 Bc6 50. Rxe3 Bb5+ 51. Kf2 1-0

[Event "Esbjerg Efterår 2019"]
[Site "Esbjerg"]
[Date "2019.10.18"]
[Round "1.6"]
[White "Berg, Klaus"]
[Black "Desevac, Damir"]
[Result "1-0"]
[WhiteElo "2288"]
[BlackElo "1902"]
[PlyCount "63"]
[EventDate "2019.10.??"]
[EventType "swiss"]
[EventRounds "7"]
[EventCountry "DEN"]

1. d4 e6 2. Nf3 Nf6 3. e3 b6 4. Bd3 Bb7 5. O-O Be7 6. c4 O-O 7. Nc3 d5 8. b3
Nbd7 9. Bb2 Rc8 10. Rc1 c5 11. cxd5 Nxd5 12. Nxd5 exd5 13. Qe2 Re8 14. Rfd1 Bf6
15. Bb5 Bc6 16. Bxc6 Rxc6 17. dxc5 Nxc5 18. b4 Bxb2 19. Qxb2 Na4 20. Qb3 Rxc1
21. Rxc1 b5 22. Rd1 Nb6 23. Qd3 a6 24. e4 Qe7 25. exd5 Qxb4 26. d6 Rd8 27. Qe3
Qa5 28. d7 Kf8 29. Qc5+ Kg8 30. Qe7 Nxd7 31. Rxd7 Rxd7 32. Qe8# 1-0

[Event "Esbjerg Efterår 2019"]
[Site "Esbjerg"]
[Date "2019.10.18"]
[Round "1.7"]
[White "Hansen, Lars"]
[Black "Lindgaard, Tobias Simon"]
[Result "1-0"]
[WhiteElo "2207"]
[BlackElo "1789"]
[PlyCount "57"]
[EventDate "2019.10.??"]
[EventType "swiss"]
[EventRounds "7"]
[EventCountry "DEN"]

1. d4 Nc6 2. Nf3 d6 3. e3 g6 4. b3 Bg7 5. Bb2 Nf6 6. Be2 O-O 7. O-O Bd7 8. c4
d5 9. cxd5 Nxd5 10. Nbd2 Kh8 11. Rc1 f5 12. a3 e6 13. b4 a6 14. Nb3 g5 15. Nc5
Bc8 16. Nxa6 bxa6 17. Rxc6 Qe8 18. Qc2 Bb7 19. Rc5 g4 20. Ne5 Rf6 21. Rxc7 Nxc7
22. Qxc7 Bxg2 23. Kxg2 Qh5 24. d5 exd5 25. Rc1 Qh3+ 26. Kg1 Raf8 27. Nd3 R8f7
28. Qxf7 Rxf7 29. Rc8+ 1-0

[Event "Esbjerg Efterår 2019"]
[Site "Esbjerg"]
[Date "2019.10.18"]
[Round "1.8"]
[White "Knudsen, Philip Uhre"]
[Black "Rossen, Claus"]
[Result "0-1"]
[WhiteElo "1723"]
[BlackElo "2144"]
[PlyCount "55"]
[EventDate "2019.10.??"]
[EventType "swiss"]
[EventRounds "7"]
[EventCountry "DEN"]

1. e4 d6 2. d4 Nf6 3. Nc3 g6 4. Bc4 Bg7 5. Qe2 e5 6. dxe5 dxe5 7. Bg5 c6 8. f4
Nbd7 9. Nf3 Qc7 10. O-O O-O 11. Kh1 b5 12. Bb3 a5 13. a3 Ba6 14. Nb1 b4 15. Bc4
Bxc4 16. Qxc4 Nb6 17. Qb3 Nxe4 18. fxe5 a4 19. Qxb4 Nxg5 20. Nxg5 Nd5 21. Qh4
h6 22. Nf3 Bxe5 23. Qxh6 Bg7 24. Qh4 Qf4 25. Qxf4 Nxf4 26. c3 Rab8 27. Nfd2 Nd3
28. Ra2 0-1

[Event "Esbjerg Efterår 2019"]
[Site "Esbjerg"]
[Date "2019.10.18"]
[Round "1.9"]
[White "Brorsen, Jacob Abildlund"]
[Black "Larsen, Johnny"]
[Result "0-1"]
[WhiteElo "2154"]
[BlackElo "1761"]
[PlyCount "48"]
[EventDate "2019.10.??"]
[EventType "swiss"]
[EventRounds "7"]
[EventCountry "DEN"]

1. e4 e6 2. d4 d5 3. Nd2 Nf6 4. e5 Nfd7 5. f4 c5 6. c3 Be7 7. Ndf3 Nc6 8. a3 a6
9. Bd3 b5 10. Ne2 g6 11. O-O Bb7 12. Be3 f5 13. exf6 Nxf6 14. Ng5 Qd7 15. dxc5
Ng4 16. Bd4 e5 17. h3 exd4 18. hxg4 Qxg4 19. cxd4 O-O 20. Qc2 Rf6 21. Rae1 Raf8
22. Rf3 Rxf4 23. Nxf4 Bxg5 24. Ref1 Nxd4 0-1

[Event "Esbjerg Efterår 2019"]
[Site "Esbjerg"]
[Date "2019.10.18"]
[Round "1.10"]
[White "Horslund, Mikael"]
[Black "Lindestrom, Torsten"]
[Result "1-0"]
[WhiteElo "1738"]
[BlackElo "2168"]
[PlyCount "75"]
[EventDate "2019.10.??"]
[EventType "swiss"]
[EventRounds "7"]
[EventCountry "DEN"]

1. d4 f5 2. Bg5 g6 3. e4 fxe4 4. Nc3 Nf6 5. f3 e3 6. Bd3 d5 7. Qe2 Nc6 8. Bxe3
Bg7 9. O-O-O a6 10. Qf2 Nb4 11. Kb1 Qd6 12. g4 Rf8 13. Qd2 Nxd3 14. Qxd3 Bd7
15. Nge2 O-O-O 16. h3 b5 17. Rdf1 b4 18. Nd1 Rde8 19. Bf4 Qb6 20. Ne3 Bb5 21.
Qd2 Bxe2 22. Qxe2 c6 23. Be5 Rf7 24. Rc1 Nd7 25. Bxg7 Rxg7 26. c4 bxc3 27. Rxc3
Kd8 28. Rhc1 Nb8 29. Qh2 Rf7 30. Nxd5 Qa7 31. Nb4 Rf6 32. Rxc6 Nxc6 33. Nxc6+
Rxc6 34. Rxc6 Kd7 35. d5 Rf8 36. Qe2 e5 37. Qxe5 Re8 38. Qd6# 1-0

[Event "Esbjerg Efterår 2019"]
[Site "Esbjerg"]
[Date "2019.10.18"]
[Round "1.11"]
[White "Easwaralingam, Adesh"]
[Black "Sorensen, Carsten Klint"]
[Result "1-0"]
[WhiteElo "2042"]
[BlackElo "1755"]
[PlyCount "43"]
[EventDate "2019.10.??"]
[EventType "swiss"]
[EventRounds "7"]
[EventCountry "DEN"]

1. e4 c5 2. Nf3 d6 3. d4 cxd4 4. Nxd4 Nf6 5. Nc3 a6 6. Be2 e5 7. Nb3 Be7 8. O-O
b5 9. Bg5 Bb7 10. Qd3 Nbd7 11. f3 Rc8 12. a4 b4 13. Nd1 d5 14. exd5 Nxd5 15.
Bxe7 Qxe7 16. Ne3 Nxe3 17. Qxe3 Rxc2 18. Rac1 Rxb2 19. Rc7 Rxb3 20. Qxb3 O-O
21. Rxb7 Qc5+ 22. Kh1 1-0

[Event "Esbjerg Efterår 2019"]
[Site "Esbjerg"]
[Date "2019.10.18"]
[Round "1.12"]
[White "Rode, Freddy"]
[Black "Pedersen, Lars Wilton"]
[Result "1/2-1/2"]
[WhiteElo "1666"]
[BlackElo "2055"]
[PlyCount "63"]
[EventDate "2019.10.??"]
[EventType "swiss"]
[EventRounds "7"]
[EventCountry "DEN"]

1. e4 d5 2. exd5 Nf6 3. Nf3 Nxd5 4. Bc4 Bg4 5. O-O e6 6. d3 Nc6 7. Re1 Be7 8.
h3 Bh5 9. Bd2 O-O 10. Nc3 Nb6 11. Bb3 Nd4 12. g4 Nxb3 13. axb3 Bg6 14. Bf4 Bd6
15. Ne5 Bxe5 16. Rxe5 Nd7 17. Rea5 a6 18. Qf3 Rb8 19. Qg3 Rc8 20. h4 f6 21. h5
Bf7 22. Ne4 e5 23. Be3 Nb8 24. h6 g6 25. g5 Bd5 26. Nxf6+ Rxf6 27. gxf6 Nc6 28.
Bg5 Kf7 29. R5a4 Nd4 30. Rxd4 exd4 31. c4 dxc3 32. bxc3 1/2-1/2

[Event "Esbjerg Efterår 2019"]
[Site "Esbjerg"]
[Date "2019.10.18"]
[Round "2.1"]
[White "Kristiansen, Jens"]
[Black "Easwaralingam, Adesh"]
[Result "1-0"]
[WhiteElo "2401"]
[BlackElo "2042"]
[PlyCount "119"]
[EventDate "2019.10.??"]
[EventType "swiss"]
[EventRounds "7"]
[EventCountry "DEN"]

1. Nf3 Nf6 2. c4 e6 3. Nc3 Bb4 4. d4 b6 5. Bg5 h6 6. Bh4 Bb7 7. e3 c5 8. Rc1 d6
9. d5 O-O 10. Be2 b5 11. dxe6 fxe6 12. cxb5 a6 13. bxa6 Bxa6 14. O-O Nc6 15.
Bxa6 Rxa6 16. Qd3 Qa8 17. a3 Bxc3 18. Rxc3 Nd7 19. e4 Nce5 20. Nxe5 Nxe5 21.
Qe2 Rf4 22. Bg3 Rxe4 23. Qh5 Qd5 24. Qe8+ Kh7 25. Bxe5 Rxe5 26. Rg3 Rg5 27.
Rxg5 Qxg5 28. Qxe6 Rb6 29. Qe2 Qf6 30. Qc2+ Qg6 31. Qc3 Qe6 32. Re1 Qb3 33.
Qxb3 Rxb3 34. Re2 c4 35. h4 c3 36. bxc3 Rxc3 37. Re3 Rc4 38. g3 Ra4 39. h5 Kg8
40. Kg2 Kf7 41. f4 Kf6 42. Kf3 Rd4 43. Ke2 Kf5 44. Rd3 Ra4 45. Kf3 Ra6 46. g4+
Kf6 47. Ke4 Ra4+ 48. Rd4 d5+ 49. Kxd5 Rxa3 50. Ke4 Rg3 51. Rd6+ Ke7 52. Rg6 Kf7
53. Kf5 Rb3 54. Re6 Rb5+ 55. Re5 Rb6 56. g5 hxg5 57. fxg5 Rd6 58. Ra5 Rd1 59.
Ra7+ Kf8 60. Kg6 1-0

[Event "Esbjerg Efterår 2019"]
[Site "Esbjerg"]
[Date "2019.10.18"]
[Round "2.2"]
[White "Bonnelykke, Ole"]
[Black "Pedersen, Nicolai Vesterbaek"]
[Result "0-1"]
[WhiteElo "2042"]
[BlackElo "2397"]
[PlyCount "52"]
[EventDate "2019.10.??"]
[EventType "swiss"]
[EventRounds "7"]
[EventCountry "DEN"]

1. e4 e5 2. f4 exf4 3. Nf3 Ne7 4. Bc4 d5 5. exd5 Nxd5 6. Nc3 Be6 7. Qe2 Be7 8.
d4 c6 9. Bd2 O-O 10. O-O-O Nxc3 11. Bxc3 Bxc4 12. Qxc4 Qd5 13. Qe2 Bd6 14. Kb1
Nd7 15. Ne5 Nb6 16. Qf2 Na4 17. g3 Nxc3+ 18. bxc3 Qb5+ 19. Ka1 Bxe5 20. dxe5
Qxe5 21. Rd4 fxg3 22. hxg3 Rae8 23. Kb2 Re6 24. g4 c5 25. Rd3 Rb6+ 26. Ka1 c4
0-1

[Event "Esbjerg Efterår 2019"]
[Site "Esbjerg"]
[Date "2019.10.18"]
[Round "2.3"]
[White "Fries Nielsen, Jens Ove"]
[Black "Sorensen, Per Smidt"]
[Result "1/2-1/2"]
[WhiteElo "2360"]
[BlackElo "2086"]
[PlyCount "28"]
[EventDate "2019.10.??"]
[EventType "swiss"]
[EventRounds "7"]
[EventCountry "DEN"]

1. e4 c5 2. Nf3 Nc6 3. Bc4 e6 4. O-O d5 5. exd5 exd5 6. Re1+ Be7 7. Bb5 Nf6 8.
Ne5 Qc7 9. d4 cxd4 10. Bf4 Qb6 11. Na3 Be6 12. Bd3 O-O 13. Nb5 Rab8 14. Na3
Rbc8 1/2-1/2

[Event "Esbjerg Efterår 2019"]
[Site "Esbjerg"]
[Date "2019.10.18"]
[Round "2.4"]
[White "Jakobsen, Christian K"]
[Black "Boe, Mads"]
[Result "0-1"]
[WhiteElo "2016"]
[BlackElo "2286"]
[PlyCount "178"]
[EventDate "2019.10.??"]
[EventType "swiss"]
[EventRounds "7"]
[EventCountry "DEN"]

1. e4 c6 2. d4 d5 3. f3 Nf6 4. Nc3 g6 5. Be3 Bg7 6. Be2 h5 7. Qd2 b5 8. e5 Ng8
9. f4 Nh6 10. Nf3 Bf5 11. h3 Nd7 12. a3 Nb6 13. Rg1 a5 14. Ng5 Qc8 15. b3 Bd7
16. Bd3 Bf8 17. Nd1 Nf5 18. Bxf5 Bxf5 19. Nf2 a4 20. Nd3 e6 21. Nc5 h4 22. Bf2
Be7 23. Nf3 Qc7 24. Ke2 Ra7 25. Qe1 Qd8 26. Qd2 Qc7 27. Rgc1 Nd7 28. Nxd7 Qxd7
29. b4 Be4 30. Qe3 Ra8 31. Kf1 Bf5 32. Qe1 Qd8 33. Qc3 Kd7 34. Ne1 Qb6 35. Nd3
Rag8 36. Nc5+ Kc8 37. Be3 Rg7 38. Qd2 Rhg8 39. Re1 Kc7 40. Re2 Qa7 41. c3 Kc8
42. Ra2 Rh7 43. Qe1 Kd8 44. Qd2 Rh5 45. Nd3 Bxd3 46. Qxd3 Kd7 47. Rad2 Qb8 48.
Qc2 Qf8 49. Qb2 Rf5 50. Ke1 Qh6 51. Rf2 Qh5 52. Qc2 Qh7 53. Qd1 Ke8 54. Qc2 Rh5
55. Kf1 Kf8 56. Qd1 Kg7 57. Qc2 Kh8 58. Ke1 Rf5 59. Kf1 Qh5 60. Qd1 Qxd1+ 61.
Rxd1 Kh7 62. Rdd2 Rg7 63. Rc2 Rh5 64. Kg1 Kg8 65. Kf1 Bd8 66. Ke1 f6 67. Kf1
Rf5 68. Rf3 Kf7 69. Rcf2 Rh7 70. Ke2 Be7 71. Kd3 Bf8 72. Ke2 Rfh5 73. Kf1 Be7
74. Kg1 f5 75. Kf1 Rg7 76. Ke2 Ke8 77. Kf1 Kf7 78. Ke2 Kg8 79. Kf1 Kh7 80. Ke2
Kh6 81. Kf1 g5 82. fxg5+ Bxg5 83. Bxg5+ Rhxg5 84. Rf4 Kh5 85. R4f3 Rg3 86. Rxg3
Rxg3 87. Rc2 Kg5 88. Kf2 Kf4 89. Rc1 Ke4 0-1

[Event "Esbjerg Efterår 2019"]
[Site "Esbjerg"]
[Date "2019.10.18"]
[Round "2.5"]
[White "Berg, Klaus"]
[Black "Jensen, Henrik Tranberg"]
[Result "1-0"]
[WhiteElo "2288"]
[BlackElo "2023"]
[PlyCount "41"]
[EventDate "2019.10.??"]
[EventType "swiss"]
[EventRounds "7"]
[EventCountry "DEN"]

1. d4 Nf6 2. Bg5 d5 3. e3 h6 4. Bxf6 exf6 5. c4 c6 6. cxd5 cxd5 7. Nc3 Be6 8.
Bb5+ Nc6 9. Nge2 Bd6 10. e4 a6 11. Ba4 b5 12. exd5 bxa4 13. dxe6 fxe6 14. Qxa4
Rc8 15. O-O O-O 16. Qxa6 Nb4 17. Qa4 e5 18. dxe5 fxe5 19. Rad1 Qb6 20. Qb3+ Kh8
21. a3 1-0

[Event "Esbjerg Efterår 2019"]
[Site "Esbjerg"]
[Date "2019.10.18"]
[Round "2.6"]
[White "Larsen, Johnny"]
[Black "Hansen, Lars"]
[Result "0-1"]
[WhiteElo "1761"]
[BlackElo "2207"]
[PlyCount "78"]
[EventDate "2019.10.??"]
[EventType "swiss"]
[EventRounds "7"]
[EventCountry "DEN"]

1. f4 g6 2. e4 Bg7 3. Nf3 c5 4. Bc4 e6 5. Nc3 Ne7 6. O-O Nbc6 7. e5 d5 8. Be2
O-O 9. Nb5 Bd7 10. g4 Qb6 11. Nd6 f6 12. exf6 Bxf6 13. c3 Nd8 14. Nc4 dxc4 15.
Bxc4 Nf7 16. Qe2 Rae8 17. a4 Nc6 18. d3 Nd6 19. Ba2 Kh8 20. Be3 e5 21. Qf2 exf4
22. Bxc5 Qc7 23. g5 Bg7 24. Nh4 Nf5 25. Bxf8 Rxf8 26. Rae1 Nxh4 27. Qxh4 Qb6+
28. Rf2 Ne5 29. d4 Nc6 30. Ref1 Bf5 31. Rxf4 Qxb2 32. R1f2 Qxc3 33. Be6 Bxd4
34. Bxf5 Bxf2+ 35. Rxf2 Rxf5 36. Rxf5 gxf5 37. g6 Qd4+ 38. Qf2 Qxf2+ 39. Kxf2
hxg6 0-1

[Event "Esbjerg Efterår 2019"]
[Site "Esbjerg"]
[Date "2019.10.18"]
[Round "2.7"]
[White "Rossen, Claus"]
[Black "Larsen, Allan"]
[Result "0-1"]
[WhiteElo "2144"]
[BlackElo "1961"]
[PlyCount "98"]
[EventDate "2019.10.??"]
[EventType "swiss"]
[EventRounds "7"]
[EventCountry "DEN"]

1. e4 c5 2. Nf3 d6 3. d4 cxd4 4. Nxd4 Nf6 5. Nc3 a6 6. h3 e5 7. Nde2 h5 8. g3
b5 9. Bg2 Bb7 10. O-O Nbd7 11. Be3 Nb6 12. Nd5 Nfxd5 13. exd5 g6 14. Kh2 Bg7
15. c3 f5 16. Qc1 Bf6 17. Bxb6 Qxb6 18. Qe3 Qxe3 19. fxe3 Bg5 20. e4 O-O 21. h4
Be3 22. Rad1 Bb6 23. Ng1 Bd8 24. Nh3 Rc8 25. Ng5 Bxg5 26. hxg5 Rc4 27. Rde1 a5
28. exf5 gxf5 29. Bh3 f4 30. gxf4 Rcxf4 31. Be6+ Kg7 32. Rxf4 Rxf4 33. Re2 Kg6
34. Rg2 b4 35. cxb4 axb4 36. Kg1 Rd4 37. a3 bxa3 38. bxa3 Bxd5 39. Bxd5 Rxd5
40. a4 Ra5 41. Ra2 Kxg5 42. Kf2 Kf4 43. Ke2 e4 44. Kd2 d5 45. Kc3 Ke5 46. Kb4
Ra8 47. Rh2 Kd4 48. Rxh5 Rb8+ 49. Ka3 e3 0-1

[Event "Esbjerg Efterår 2019"]
[Site "Esbjerg"]
[Date "2019.10.18"]
[Round "2.8"]
[White "Pedersen, Lars Wilton"]
[Black "Horslund, Mikael"]
[Result "1/2-1/2"]
[WhiteElo "2055"]
[BlackElo "1738"]
[PlyCount "75"]
[EventDate "2019.10.??"]
[EventType "swiss"]
[EventRounds "7"]
[EventCountry "DEN"]

1. c4 e6 2. Nf3 Nf6 3. d4 Ne4 4. a3 d5 5. e3 Be7 6. Bd3 f5 7. O-O O-O 8. Nbd2
c6 9. Ne5 Nxd2 10. Bxd2 Nd7 11. f4 Nxe5 12. dxe5 Kh8 13. b4 Bd7 14. Kh1 Rg8 15.
g4 g6 16. Rg1 c5 17. b5 dxc4 18. Bxc4 Qe8 19. Qb3 Bh4 20. h3 a6 21. a4 a5 22.
Kh2 b6 23. Rad1 Rd8 24. Be1 Bxe1 25. Rgxe1 Qe7 26. Kg3 Bc8 27. Qc3 Rxd1 28.
Rxd1 Rd8 29. Rd6 Kg8 30. Qd2 Rxd6 31. exd6 Qg7 32. Qd3 Kf8 33. e4 e5 34. exf5
exf4+ 35. Kxf4 gxf5 36. g5 h6 37. h4 hxg5+ 38. hxg5 1/2-1/2

[Event "Esbjerg Efterår 2019"]
[Site "Esbjerg"]
[Date "2019.10.18"]
[Round "2.9"]
[White "Munksgaard, Dennis"]
[Black "Carlstedt, Jonathan"]
[Result "0-1"]
[WhiteElo "2004"]
[BlackElo "2442"]
[PlyCount "32"]
[EventDate "2019.10.??"]
[EventType "swiss"]
[EventRounds "7"]
[EventCountry "DEN"]

1. b4 d5 2. Bb2 Bg4 3. Nf3 Nd7 4. e3 e5 5. Be2 Bxf3 6. gxf3 Bxb4 7. f4 Bd6 8.
Rg1 Qh4 9. Rxg7 Ngf6 10. fxe5 Bxe5 11. Bxe5 Nxe5 12. Rg2 O-O-O 13. d4 Rhg8 14.
dxe5 Rxg2 15. exf6 Qxf2+ 16. Kd2 d4 0-1

[Event "Esbjerg Efterår 2019"]
[Site "Esbjerg"]
[Date "2019.10.18"]
[Round "2.10"]
[White "Rozenfeldt, Michael Tranberg"]
[Black "Rode, Freddy"]
[Result "1-0"]
[WhiteElo "1782"]
[BlackElo "1666"]
[PlyCount "83"]
[EventDate "2019.10.??"]
[EventType "swiss"]
[EventRounds "7"]
[EventCountry "DEN"]

1. d4 d5 2. c4 c6 3. Nc3 Nf6 4. Nf3 g6 5. Bf4 Bg7 6. Qc2 Qa5 7. e3 Bf5 8. Bd3
Bxd3 9. Qxd3 Ne4 10. O-O Nd7 11. Nxe4 dxe4 12. Qxe4 Nf6 13. Qe5 Qb6 14. c5 Qd8
15. Qc7 Qd7 16. Qxd7+ Nxd7 17. Ne5 Bxe5 18. Bxe5 O-O 19. Bg3 f6 20. f3 e5 21.
dxe5 fxe5 22. b4 Rf7 23. Rfd1 h5 24. Rd6 a5 25. Rad1 Nf8 26. a3 axb4 27. axb4
Ra3 28. e4 Rb3 29. Bxe5 Rxb4 30. Rd8 b6 31. Rb8 b5 32. Rdd8 Rb1+ 33. Kf2 b4 34.
Bd6 Rb2+ 35. Kg3 h4+ 36. Kxh4 Rh7+ 37. Kg3 Rf7 38. Rxf8+ Rxf8 39. Rxf8+ Kg7 40.
Rc8 b3 41. Rxc6 Rd2 42. Rb6 1-0

[Event "Esbjerg Efterår 2019"]
[Site "Esbjerg"]
[Date "2019.10.18"]
[Round "2.11"]
[White "Lindestrom, Torsten"]
[Black "Jensen, Jorgen Tranbjerg"]
[Result "1-0"]
[WhiteElo "2168"]
[BlackElo "1612"]
[PlyCount "40"]
[EventDate "2019.10.??"]
[EventType "swiss"]
[EventRounds "7"]
[EventCountry "DEN"]

1. d4 Nf6 2. Bg5 Ne4 3. Bf4 d5 4. f3 Nd6 5. Nd2 Nc6 6. c3 e6 7. e4 dxe4 8. fxe4
Be7 9. Ngf3 O-O 10. Bd3 b6 11. O-O Bb7 12. Qe1 Ne8 13. e5 h6 14. Qg3 Kh8 15.
Qh3 f5 16. exf6 Rxf6 17. Bg5 e5 18. Bxf6 Bxf6 19. Nxe5 Nxe5 20. dxe5 Be7 1-0

[Event "Esbjerg Efterår 2019"]
[Site "Esbjerg"]
[Date "2019.10.18"]
[Round "3.7"]
[White "Brorsen, Jacob Abildlund"]
[Black "Husum, Lars"]
[Result "1-0"]
[WhiteElo "2154"]
[BlackElo "1809"]
[PlyCount "79"]
[EventDate "2019.10.??"]
[EventType "swiss"]
[EventRounds "7"]
[EventCountry "DEN"]

1. Nf3 Nf6 2. g3 e6 3. Bg2 Be7 4. O-O O-O 5. b3 c5 6. Bb2 d5 7. d4 Nbd7 8. c4
dxc4 9. bxc4 Qb6 10. Ba3 Re8 11. Nc3 cxd4 12. Na4 Qc7 13. Bxe7 Rxe7 14. Qxd4 b6
15. Nc3 Bb7 16. Nb5 Qc6 17. Nh4 Ne4 18. Rfd1 Ndc5 19. Qe5 f6 20. Qb2 a6 21. Nd4
Qc7 22. Rac1 Rd8 23. Qb4 Red7 24. Qb1 e5 25. Ndf5 Rxd1+ 26. Rxd1 Rxd1+ 27. Qxd1
Nc3 28. Qd2 Bxg2 29. Nxg2 N3e4 30. Qd5+ Kf8 31. Qa8+ Kf7 32. Qd5+ Kf8 33. Nge3
Nc3 34. Qa8+ Kf7 35. Nd5 Nxe2+ 36. Kf1 Qd7 37. g4 Nf4 38. Qh8 Nce6 39. Qxh7 Qa4
40. Nh6+ 1-0

[Event "Esbjerg Efterår 2019"]
[Site "Esbjerg"]
[Date "2019.10.18"]
[Round "3.10"]
[White "Rasmussen, Bjarne Meldgaard"]
[Black "Pedersen, Lars Wilton"]
[Result "0-1"]
[WhiteElo "1913"]
[BlackElo "2055"]
[PlyCount "73"]
[EventDate "2019.10.??"]
[EventType "swiss"]
[EventRounds "7"]
[EventCountry "DEN"]

1. e4 d5 2. exd5 Nf6 3. d4 Nxd5 4. c4 Nb6 5. Nc3 e5 6. d5 Bb4 7. Bd2 c6 8. dxc6
Nxc6 9. a3 Be7 10. Be3 Be6 11. c5 Nc4 12. Bxc4 Bxc4 13. Qxd8+ Rxd8 14. Nge2 f5
15. b4 Nd4 16. Bxd4 exd4 17. Nd1 d3 18. Ne3 d2+ 19. Kd1 Bb3+ 20. Nc2 Bf6 21.
Rb1 Ba2 22. Ra1 Bxa1 23. Nxa1 Kf7 24. Nc3 Bc4 25. Nc2 Bb3 26. Nb5 Rhe8 27. Nd6+
Rxd6 28. cxd6 Bxc2+ 29. Kxd2 Be4 30. f3 Bc6 31. Kc3 Rd8 32. Rd1 Ke6 33. b5 Bxb5
34. Kb4 Bd7 35. Kc5 Rc8+ 36. Kb4 Rc6 37. Re1+ 0-1

[Event "Esbjerg Efterår 2019"]
[Site "Esbjerg"]
[Date "2019.10.19"]
[Round "4.1"]
[White "Boe, Mads"]
[Black "Pedersen, Nicolai Vesterbaek"]
[Result "1/2-1/2"]
[WhiteElo "2286"]
[BlackElo "2397"]
[PlyCount "25"]
[EventDate "2019.10.??"]
[EventType "swiss"]
[EventRounds "7"]
[EventCountry "DEN"]

1. d4 Nf6 2. Bf4 c5 3. e3 g6 4. c3 Bg7 5. h3 O-O 6. Nf3 d6 7. Be2 Qb6 8. Qb3
Be6 9. Qxb6 axb6 10. a3 Nc6 11. Nbd2 Bd5 12. O-O Rfe8 13. Bg5 1/2-1/2

[Event "Esbjerg Efterår 2019"]
[Site "Esbjerg"]
[Date "2019.10.19"]
[Round "4.2"]
[White "Kristiansen, Jens"]
[Black "Carlstedt, Jonathan"]
[Result "1-0"]
[WhiteElo "2401"]
[BlackElo "2442"]
[PlyCount "79"]
[EventDate "2019.10.??"]
[EventType "swiss"]
[EventRounds "7"]
[EventCountry "DEN"]

1. Nf3 d6 2. e4 g6 3. d4 Bg7 4. c3 Nc6 5. Bc4 Nf6 6. Nbd2 O-O 7. O-O a6 8. e5
dxe5 9. dxe5 Ng4 10. e6 f5 11. Qe2 b5 12. Bb3 Bb7 13. Rd1 Qe8 14. h3 Nf6 15. a4
Na5 16. Bc2 Bd5 17. axb5 axb5 18. b4 Nc4 19. Rxa8 Qxa8 20. Nxc4 bxc4 21. Nd4
Ne4 22. Qe1 Nd6 23. f3 Bf6 24. Bh6 Rd8 25. Qe3 c6 26. Bg5 Rf8 27. h4 Qa7 28. h5
Bxg5 29. Qxg5 Rf6 30. Kh1 Bxe6 31. Nxc6 Qc7 32. Nxe7+ Qxe7 33. Rxd6 h6 34. Qf4
gxh5 35. Qe5 Rg6 36. Rb6 Kf7 37. Bxf5 Qh4+ 38. Kg1 Rxg2+ 39. Kxg2 Qg5+ 40. Kf1
1-0